000 00355 a2200109 4500
001 ART_23943
005 20260410161933.0
008 260409a
245 1 0 _aAnálisis de costo-beneficio de los proyectos de turismo y recreación
100 1 _aGuadagni, Alieto Aldo
773 0 _tInforme
_g- Año VII, Nº 45 (jul./dic. 1975)
_wREV23765
999 _c28746
_d28746